00833nam a22002417a 450000500170000000800410001701000100005801100100006803500110007809000120008924501030010126000460020430000330025059000410028359000410032459000410036559000420040665000680044865000360051690100070055291100150055999900170057420220329143339.0010926s2000 mx r 00010 spa d a95293 a96265 a106912 aFolleto0 a[Reorganización de la administración central de la UACH]c/por Universidad Autónoma Chapingo aChapingo, Méx. :bLa Universidad,c200- apaginación varia :bdiagr. aBATCH-UPDb10c20130110lUCH01h2031 aBATCH-UPDb10c20130410lUCH01h1348 aBATCH-UPDb10c20130914lUCH01h1318 aCONVERSIONb10c20130109lUCH01h135304aEscuelas agrícolasxAdministración y organización.93762404aUACHxAdministración.9115801 aBK aen proceso c95293d95293